Medzinárodná komunikačná stratégia firiem (s aplikáciou na špecifiká konkrétnej firmy- firiem) bakalárska práca
Salvato in:
| Autore principale: | |
|---|---|
| Ente Autore: | |
| Altri autori: | |
| Natura: | Libro |
| Lingua: | slovacco |
| Pubblicazione: |
Bratislava
2017
|
| Tags: |
Nessun Tag, puoi essere il primo ad aggiungerne!!
|
MARC
| LEADER | 00000nbm a2200000 4500 | ||
|---|---|---|---|
| 001 | 0232682 | ||
| 005 | 20170818095608.3 | ||
| 041 | 0 | |a slo | |
| 044 | |a SK | ||
| 245 | 1 | 0 | |a Medzinárodná komunikačná stratégia firiem (s aplikáciou na špecifiká konkrétnej firmy- firiem) |b bakalárska práca |c Jaroslava Jurkovičová ; školiteľ: Otília Zorkóciová |
| 264 | 1 | |a Bratislava |c 2017 | |
| 300 | |a 61 s. | ||
| 100 | 1 | |a Jurkovičová, Jaroslava | |
| 700 | 1 | |a Zorkóciová, Otília, 1954- | |
| 710 | 2 | |a Obchodná fakulta EU. Katedra medzinárodného obchodu | |